[Event "MCRE_O17"]
[Site "?"]
[Date "2004.??.??"]
[Round "?"]
[White "Zelenka, Pavel"]
[Black "Chlubna, Josef"]
[Result "1-0"]
[WhiteElo "1800"]
[BlackElo "1800"]
[PlyCount "79"]
[EventDate "2004.??.??"]
[EventType "corr"]
[EventRounds "2"]
[SourceDate "2005.03.12"]

1. d4 d5 2. c4 e6 3. Nc3 c6 4. e3 Nf6 5. Nf3 Nbd7 6. Bd3 dxc4 7. Bxc4 b5 8. Bd3
b4 9. Ne4 Be7 10. Nxf6+ Nxf6 11. e4 c5 12. O-O Nd7 13. Be3 O-O 14. Rc1 Qa5 15.
Nd2 cxd4 16. Bxd4 Bf6 17. Nc4 Qd8 18. e5 Be7 19. Be4 Rb8 20. Bxa7 Rb5 21. Qa4
Rxe5 22. Nxe5 Nxe5 23. Rfd1 Bd7 24. Qa6 Qe8 25. Rc7 Bd8 26. Rcxd7 Nxd7 27. Bc6
Bf6 28. Rxd7 Qc8 29. Qb7 Qxb7 30. Bxb7 Re8 31. Bc5 Bxb2 32. Bxb4 h6 33. a4 e5
34. a5 Bd4 35. a6 Ba7 36. Bd5 Rb8 37. Rxa7 Rxb4 38. f3 Rb5 39. Rd7 Kh7 40. Be4+
1-0

[Event "MCRE_O17"]
[Site "?"]
[Date "2004.??.??"]
[Round "?"]
[White "Chlubna, Josef"]
[Black "Kosar, Zdenek"]
[Result "0-1"]
[WhiteElo "1800"]
[BlackElo "1800"]
[PlyCount "58"]
[EventDate "2004.??.??"]
[EventType "corr"]
[EventRounds "2"]
[SourceDate "2005.03.12"]

1. e4 e5 2. Nf3 Nc6 3. Bb5 a6 4. Ba4 Nf6 5. O-O Be7 6. Re1 b5 7. Bb3 d6 8. c3
O-O 9. h3 Bb7 10. Bc2 Re8 11. d3 Bf8 12. Nh4 g6 13. a3 d5 14. exd5 Nxd5 15. Nd2
Qxh4 16. Nf3 Qd8 17. Bd2 Nf4 18. Nxe5 Nxh3+ 19. gxh3 Nxe5 20. Bf4 Nf3+ 21. Kf1
Rxe1+ 22. Qxe1 Nxe1 23. Rxe1 Qh4 24. Bxc7 Qxh3+ 25. Ke2 Qf3+ 26. Kd2 Qxf2+ 27.
Re2 Bh6+ 28. Kd1 Qf1+ 29. Re1 Bf3# 0-1

[Event "MCRE_O17"]
[Site "?"]
[Date "2004.??.??"]
[Round "?"]
[White "Kosar, Zdenek"]
[Black "Chlubna, Josef"]
[Result "1-0"]
[WhiteElo "1800"]
[BlackElo "1800"]
[PlyCount "49"]
[EventDate "2004.??.??"]
[EventType "corr"]
[EventRounds "2"]
[SourceDate "2005.03.12"]

1. e4 e5 2. Nf3 Nc6 3. Bb5 a6 4. Ba4 Nf6 5. O-O Be7 6. Re1 b5 7. Bb3 d6 8. c3
O-O 9. h3 Na5 10. Bc2 c5 11. d4 exd4 12. cxd4 h6 13. Qe2 cxd4 14. Nxd4 Qb6 15.
Be3 Qc7 16. Nd2 Bd7 17. Rac1 Qb7 18. Bf4 Rfe8 19. Qd3 Nc6 20. Nxc6 Bxc6 21. Be3
Bd8 22. Bd4 Nxe4 23. Nxe4 Bc7 24. Nxd6 Rxe1+ 25. Rxe1 1-0

[Event "MCRE_O17"]
[Site "?"]
[Date "2004.??.??"]
[Round "?"]
[White "Tucek, Richard"]
[Black "Chlubna, Josef"]
[Result "1-0"]
[WhiteElo "1800"]
[BlackElo "1800"]
[PlyCount "65"]
[EventDate "2004.??.??"]
[EventType "corr"]
[EventRounds "2"]
[SourceDate "2005.03.12"]

1. d4 d5 2. c4 e6 3. cxd5 exd5 4. Nf3 Nc6 5. Nc3 Nf6 6. Bg5 h6 7. Bxf6 Qxf6 8.
e3 Bb4 9. Be2 Bxc3+ 10. bxc3 a6 11. O-O Bd7 12. c4 dxc4 13. Bxc4 O-O 14. h3 Qg6
15. Bd3 Qd6 16. Bc2 Ne7 17. Ne5 Be6 18. Bb3 Bf5 19. Qf3 c6 20. Nxf7 Qc7 21.
Nxh6+ Kh7 22. Nxf5 Rxf5 23. Bc2 g6 24. Bxf5 Nxf5 25. Rac1 Kg7 26. Rfd1 Qd6 27.
d5 c5 28. Qe2 Ne7 29. Qb2+ Kh6 30. Qxb7 Rb8 31. Qa7 Rc8 32. Rb1 Nxd5 33. e4 1-0

[Event "MCRE_O17"]
[Site "?"]
[Date "2004.??.??"]
[Round "?"]
[White "Kosar, Zdenek"]
[Black "Tucek, Richard"]
[Result "1-0"]
[WhiteElo "1800"]
[BlackElo "1800"]
[PlyCount "107"]
[EventDate "2004.??.??"]
[EventType "corr"]
[EventRounds "2"]
[SourceDate "2005.03.12"]

1. e4 c5 2. Nf3 d6 3. d4 cxd4 4. Nxd4 Nc6 5. Nc3 Nxd4 6. Qxd4 Nf6 7. Nd5 Nxd5
8. exd5 e6 9. Bd2 f6 10. Bb5+ Kf7 11. O-O Qc7 12. dxe6+ Bxe6 13. Rfe1 Qc5 14.
Qa4 Be7 15. Re3 a6 16. Bd7 Bxd7 17. Qxd7 Rhe8 18. Rae1 d5 19. Qxb7 Ra7 20. Qb3
Qc4 21. Qxc4 dxc4 22. Bc3 Rd7 23. Kf1 Red8 24. Re6 Bd6 25. R6e4 Rc8 26. Rd1 Re7
27. Rdd4 Rxe4 28. Rxe4 f5 29. Re2 g6 30. Bd2 Re8 31. Rxe8 Kxe8 32. b3 cxb3 33.
axb3 Kd7 34. h3 Kc6 35. Ke2 Be5 36. Kd3 Kd5 37. f3 Bf6 38. Bc3 Bh4 39. Bd4 Bg3
40. c3 Bc7 41. c4+ Kc6 42. b4 Bf4 43. Kc3 Bg3 44. Kb3 h5 45. Be3 Bh4 46. Ka4
Bd8 47. b5+ axb5+ 48. cxb5+ Kb7 49. Kb4 g5 50. Kc4 g4 51. f4 gxh3 52. gxh3 Bc7
53. Kd5 Ba5 54. Ke6 1-0

[Event "MCRE_O17"]
[Site "?"]
[Date "2004.??.??"]
[Round "?"]
[White "Tucek, Richard"]
[Black "Kosar, Zdenek"]
[Result "0-1"]
[WhiteElo "1800"]
[BlackElo "1800"]
[PlyCount "100"]
[EventDate "2004.??.??"]
[EventType "corr"]
[EventRounds "2"]
[SourceDate "2005.03.12"]

1. Nf3 c5 2. d4 cxd4 3. Nxd4 e5 4. Nf3 Nf6 5. e3 Nc6 6. c4 d6 7. Be2 Be7 8. O-O
O-O 9. Nc3 Bf5 10. b3 Qd7 11. Bb2 Rfd8 12. Nd5 Rac8 13. Nxe7+ Qxe7 14. h3 d5
15. cxd5 Rxd5 16. Qe1 Bd3 17. Bxd3 Rxd3 18. Qe2 Rd7 19. Rfd1 Rcd8 20. Rxd7 Rxd7
21. Rd1 a6 22. Rxd7 Nxd7 23. Qc4 Qd6 24. Qc2 h6 25. Qd2 Qe6 26. Ba3 f5 27. Qd6
Kf7 28. Qc7 e4 29. Nd4 Nxd4 30. exd4 Qc6 31. Qxc6 bxc6 32. Kf1 Nf8 33. Bxf8
Kxf8 34. Ke2 f4 35. h4 g5 36. hxg5 hxg5 37. g3 Ke7 38. f3 e3 39. gxf4 gxf4 40.
Kd3 Kd6 41. a3 Kc7 42. Kc3 Kd6 43. Kd3 Kd5 44. Kc3 e2 45. Kd2 Kxd4 46. Kxe2 c5
47. Kd2 a5 48. a4 c4 49. bxc4 Kxc4 50. Kc2 Kb4 0-1

[Event "MCRE_O17"]
[Site "?"]
[Date "2004.??.??"]
[Round "?"]
[White "Weber, Tomas"]
[Black "Zelenka, Pavel"]
[Result "1-0"]
[WhiteElo "1800"]
[BlackElo "1800"]
[PlyCount "95"]
[EventDate "2004.??.??"]
[EventType "corr"]
[EventRounds "2"]
[SourceDate "2005.03.12"]

1. Nf3 Nf6 2. g3 b5 3. Bg2 Bb7 4. O-O e6 5. d3 d6 6. e4 Be7 7. Nbd2 O-O 8. Ne1
e5 9. c3 Nbd7 10. Qe2 a5 11. f4 Re8 12. fxe5 dxe5 13. Kh1 c5 14. Nef3 Ba6 15.
Nh4 a4 16. Nf5 Bf8 17. c4 b4 18. a3 Bb7 19. Nf3 Qc7 20. N3h4 Ra6 21. g4 h6 22.
Ne3 bxa3 23. Rxa3 Rb8 24. Nhf5 Bc6 25. Qc2 Nb6 26. h3 g6 27. Ng3 Bg7 28. Nd5
Nbxd5 29. exd5 Bd7 30. Qf2 Be8 31. Ne2 Rab6 32. Ra2 Rb4 33. Nc3 R8b6 34. Be3
Qb8 35. Bc1 Qc7 36. Re1 Qd6 37. Bf3 Bd7 38. Ra3 Qb8 39. Be2 Ra6 40. Bd1 Qc7 41.
Ra2 Qd6 42. Be3 Bf8 43. Rf1 Qe7 44. b3 a3 45. Bc1 Rbb6 46. Na4 Rb8 47. Bxa3
Bxa4 48. bxa4 1-0